| 000 | 00939nam a2200229Ia 4500 | ||
|---|---|---|---|
| 999 |
_c37460 _d37460 |
||
| 001 | 3421 | ||
| 003 | GE_BSU | ||
| 005 | 20190919123840.0 | ||
| 008 | 181216s2004||||ge |||||||||||||| ||geo|| | ||
| 040 | _cGE_BSU | ||
| 041 | _ageo | ||
| 080 | _a633.72(075.8)+633.31/34(075.8) ჯ–12 | ||
| 100 |
_aჯაბნიძე, რეზო _92484 |
||
| 245 |
_aჩაი და ციტრუსები / _c რეზო ჯაბნიძე ; რედ.: ვალერიან ცანავა. |
||
| 264 |
_aთბილისი : _b2004. |
||
| 300 |
_a655 გვ. ; _b21 სმ. |
||
| 653 | _aჩაი საქართველოში | ||
| 653 | _aციტრუსოვანი კულტურები საქართველოში | ||
| 653 | _aსოფლის მეურნეობა | ||
| 700 |
_aცანავა, ვალერიან _eრედაქტორი _923 |
||
| 942 |
_cBK _2udc |
||